| 000 | 00496cam a2200145 4500500 | ||
|---|---|---|---|
| 005 | 20260308003632.0 | ||
| 041 | _afre | ||
| 042 | _adc | ||
| 100 | 1 | 0 |
_aAugustins, Georges _eauthor |
| 245 | 0 | 0 | _aPara Martine: de las ATP a Nanterre, pasando por otros lugares |
| 260 | _c2024. | ||
| 500 | _a26 | ||
| 786 | 0 | _nEthnologie française | 54 | 3 | 2024-11-15 | p. 129-132 | 0046-2616 | |
| 856 | 4 | 1 | _uhttps://shs.cairn.info/revista-ethnologie-francaise-2024-3-page-129?lang=es&redirect-ssocas=7080 |
| 999 |
_c1677840 _d1677840 |
||